000 00666nam a2200229Ia 4500
003 OSt
005 20220928114532.0
006 a|||||r|||| 00| 0
007 ta
008 220927b |||||||| |||| 00| 0 eng d
024 _a60085
037 _cTextual
040 _aSDCL
_cSDCL
_beng
041 _2eng
_aeng
082 _aR873, M2
100 _aWeinstein Michael A
_9439510
245 0 _aWilderness and the city
_b American classical philosophy as a moral quest.
260 _aAmherst
_bUniversity Of Massachusetts Press
_c1982
300 _ax,163p
_ccm.
942 _hR873, M2
_cTEXL
_2CC
999 _c755195
_d755195